000 00990nam a22003017a 4500
003 CHAP
005 20220817041020.0
008 971013s1989 r 00010 d
010 _a4610
011 _a5582
035 _a4796
040 _cCHAP
090 _aFolleto 13679
110 _aMéxico. Presidencia de la República. Dirección General de Comunicación Social
_977089
245 _aRenovación del Pacto para la Estabilidad y el Crecimiento Económico
260 _aMéxico, D.F. :
_bPresidencia de la República,
_c1989
300 _a31 p.
500 _a53-460
590 _aBATCH-UPD
_b10
_c20130110
_lUCH01
_h1236
590 _aBATCH-UPD
_b10
_c20130410
_lUCH01
_h0804
590 _aBATCH-UPD
_b10
_c20130914
_lUCH01
_h1823
590 _aCONVERSION
_b10
_c20130109
_lUCH01
_h1304
650 1 4 _aMéxico
_xCondiciones económicas.
650 1 4 _aPolítica económica
_zMéxico.
_990535
901 _aBK
942 _cFOLL
949 _aFolleto 13679
_bBC
_cFOLL
_d-14343
_eTS1
_i4796
_si
999 _c4610
_d4610